Normal view
MARC view
- Anderson, Mary P.
Entry Personal Name
001 - CONTROL NUMBER
- control field: 693
003 - CONTROL NUMBER IDENTIFIER
- control field: CBULib
005 - DATE AND TIME OF LATEST TRANSACTION
- control field: 20230830100801.0
008 - FIXED-LENGTH DATA ELEMENTS
- fixed length control field: 230830|| aca||aabn | a|a d
040 ## - CATALOGING SOURCE
- Original cataloging agency: CBULib
100 ## - HEADING--PERSONAL NAME
- Personal name: Anderson, Mary P.